[Event "European Online Chess Club Cup 2021 - G"]
[Site "Tornelo.com"]
[Date "2021.03.28"]
[Round "7.4"]
[White "Kilic, Gokturk Kagan"]
[Black "Patzelt, Nikolaus"]
[Result "1-0"]
[WhiteElo "2084"]
[BlackElo "2103"]
[PlyCount "85"]
[EventDate "2021.03.27"]
[EventType "team"]
[EventRounds "9"]
[WhiteTeam "Bursa Buyuksehir Belediyespor"]
[BlackTeam "SG Zurich"]

1. d4 d5 2. c4 c6 3. Nc3 Nf6 4. Nf3 e6 5. Bg5 h6 6. Bh4 dxc4 7. e4 g5 8. Bg3 b5
9. Qc2 Bb7 10. Be2 Nbd7 11. O-O Qb6 12. Rfd1 Be7 13. a4 a5 14. axb5 cxb5 15. d5
Nc5 16. Ne5 Rd8 17. Nxb5 exd5 18. Nc7+ Qxc7 19. Nxf7 Qc8 20. Nxh8 Ncxe4 21. Be5
Qf5 22. Bd4 Bd6 23. Bf3 Kd7 24. Nf7 Rf8 25. Nxd6 Kxd6 26. Rxa5 g4 27. Bxe4 Nxe4
28. Be3 Bc6 29. Qxc4 Nxf2 30. Qc5+ Kd7 31. Bxf2 Rc8 32. Ra7+ Rc7 33. Rxc7+ Kxc7
34. Qd4 Qc2 35. Qd2 Qe4 36. Bg3+ Kb7 37. Qd4 Qc2 38. Ra1 Kc8 39. Qe5 Qc5+ 40.
Kh1 Kd7 41. Qc7+ Ke6 42. Re1+ Kf5 43. Qf7+ 1-0

[Event "European Online Chess Club Cup 2021 - G"]
[Site "Tornelo.com"]
[Date "2021.03.28"]
[Round "9.4"]
[White "Patzelt, Nikolaus"]
[Black "Zeman, Matyas"]
[Result "0-1"]
[WhiteElo "2103"]
[BlackElo "2261"]
[PlyCount "132"]
[EventDate "2021.03.27"]
[EventType "team"]
[EventRounds "9"]
[WhiteTeam "SG Zurich"]
[BlackTeam "Moravska Slavia Brno B"]

1. d4 e6 2. c4 f5 3. Nc3 Nf6 4. Nf3 Be7 5. Bf4 d6 6. e3 O-O 7. Bd3 a5 8. Qc2
Na6 9. a3 c6 10. O-O Nh5 11. h3 Bd7 12. Bh2 Be8 13. d5 Nc5 14. dxe6 g6 15. Nd4
Ng7 16. Rad1 Ngxe6 17. Nxe6 Nxe6 18. Be2 Bf7 19. Rd2 Nc5 20. Rfd1 a4 21. Bxd6
Bxd6 22. Rxd6 Qe7 23. Bf1 Qe5 24. R6d4 g5 25. h4 h6 26. hxg5 hxg5 27. Ne2 Kg7
28. Ng3 Bg6 29. f4 Qxe3+ 30. Qf2 Qxf2+ 31. Kxf2 Ra6 32. fxg5 f4 33. Ne2 Rb6 34.
Rxf4 Nd3+ 35. Kg3 Nxf4 36. Nxf4 Rb3+ 37. Kg4 Bf5+ 38. Kh4 Rxb2 39. Nh5+ Kh8 40.
Rd6 Rf2 41. Rh6+ Kg8 42. Nf6+ Rxf6 43. Rxf6 Rxf1 44. g6 Bd3 45. Rd6 Bxc4 46.
Kg5 Kf8 47. Rd8+ Ke7 48. Rb8 b5 49. g7 Rg1 50. g4 Rf1 51. g8=Q Bxg8 52. Rxg8
Rf3 53. Kh6 Rxa3 54. g5 Rh3+ 55. Kg7 a3 56. Ra8 b4 57. g6 c5 58. Ra7+ Kd6 59.
Kf8 Rg3 60. g7 c4 61. g8=Q Rxg8+ 62. Kxg8 b3 63. Rxa3 b2 64. Ra6+ Kc5 65. Ra5+
Kc6 66. Ra6+ Kc7 0-1

[Event "European Online Chess Club Cup 2021 - G"]
[Site "Tornelo.com"]
[Date "2021.03.27"]
[Round "1.2"]
[White "Lejeune, Gael"]
[Black "Abasov, Nijat"]
[Result "0-1"]
[WhiteElo "2070"]
[BlackElo "2664"]
[PlyCount "76"]
[EventDate "2021.03.27"]
[EventType "team"]
[EventRounds "9"]
[WhiteTeam "Club d'Echecs Lexovien"]
[BlackTeam "Odlar Yurdu"]

1. d4 Nf6 2. Nc3 d5 3. e4 dxe4 4. f3 exf3 5. Nxf3 Bf5 6. Bc4 e6 7. O-O Be7 8.
Bb3 O-O 9. Bf4 c5 10. d5 exd5 11. Nxd5 Nxd5 12. Qxd5 Qxd5 13. Bxd5 Nc6 14. Bxc6
bxc6 15. c3 f6 16. h3 Rfe8 17. g4 Bd3 18. Rf2 Rad8 19. Kg2 h6 20. Re1 Bf8 21.
Rxe8 Rxe8 22. Rd2 c4 23. Nd4 a6 24. b3 g5 25. Bg3 c5 26. bxc4 Bxc4 27. Nf5 Be6
28. Kf3 h5 29. Ne3 hxg4+ 30. hxg4 Kf7 31. c4 Re7 32. Rb2 Rd7 33. Rb6 Rd3 34.
Rxa6 Bxc4 35. Ra7+ Kg6 36. Ke4 Rd4+ 37. Kf3 Bd3 38. Ra8 Be4+ 0-1

[Event "European Online Chess Club Cup 2021 - G"]
[Site "Tornelo.com"]
[Date "2021.03.27"]
[Round "1.1"]
[White "Oparin, Grigoriy"]
[Black "Ozturk Orenli, Kubra"]
[Result "1-0"]
[WhiteElo "2652"]
[BlackElo "2330"]
[PlyCount "69"]
[EventDate "2021.03.27"]
[EventType "team"]
[EventRounds "9"]
[WhiteTeam "Asnieres le grand Echiquier A"]
[BlackTeam "Anatolia Turquoise"]

1. e4 e5 2. Nf3 Nc6 3. Bb5 a6 4. Ba4 Nf6 5. O-O Be7 6. Re1 b5 7. Bb3 d6 8. c3
O-O 9. h3 Nb8 10. d4 Nbd7 11. Nbd2 Bb7 12. Bc2 Re8 13. Nf1 Bf8 14. Ng3 g6 15.
a4 Bg7 16. Bg5 h6 17. Bd2 Nb6 18. Qc1 Kh7 19. axb5 axb5 20. Rxa8 Qxa8 21. b3
exd4 22. cxd4 c5 23. d5 Nfd7 24. h4 b4 25. h5 Qa3 26. Qd1 c4 27. hxg6+ fxg6 28.
e5 Bxd5 29. Bxg6+ Kxg6 30. Qc2+ Kf7 31. Qf5+ Kg8 32. e6 Ne5 33. Nxe5 Bxe6 34.
Qg6 Re7 35. Nc6 1-0

[Event "European Online Chess Club Cup 2021 - G"]
[Site "Tornelo.com"]
[Date "2021.03.27"]
[Round "2.1"]
[White "Ozturk Orenli, Kubra"]
[Black "Mikhalevski, Victor"]
[Result "0-1"]
[WhiteElo "2330"]
[BlackElo "2552"]
[PlyCount "42"]
[EventDate "2021.03.27"]
[EventType "team"]
[EventRounds "9"]
[WhiteTeam "Anatolia Turquoise"]
[BlackTeam "Beer Sheva Chess Club"]

1. d4 Nf6 2. c4 g6 3. Nc3 d5 4. cxd5 Nxd5 5. e4 Nxc3 6. bxc3 Bg7 7. Qa4+ Qd7 8.
Qa3 b6 9. Nf3 O-O 10. Bd3 c5 11. O-O Nc6 12. Bb5 a6 13. Ba4 b5 14. Bxb5 axb5
15. Qxa8 Bb7 16. Qa3 b4 17. cxb4 Ra8 18. Qb3 Nxd4 19. Nxd4 Qxd4 20. Be3 Qxe4
21. f3 c4 0-1

[Event "European Online Chess Club Cup 2021 - G"]
[Site "Tornelo.com"]
[Date "2021.03.27"]
[Round "2.1"]
[White "Mamedyarov, Shakhriyar"]
[Black "Oparin, Grigoriy"]
[Result "1-0"]
[WhiteElo "2770"]
[BlackElo "2652"]
[PlyCount "57"]
[EventDate "2021.03.27"]
[EventType "team"]
[EventRounds "9"]
[WhiteTeam "Odlar Yurdu"]
[BlackTeam "Asnieres le grand Echiquier A"]

1. e4 e5 2. Nf3 Nc6 3. Bb5 a6 4. Ba4 Nf6 5. Nc3 Be7 6. Bxc6 dxc6 7. d3 Nd7 8.
h3 O-O 9. Ne2 Re8 10. g4 Bb4+ 11. Bd2 Bxd2+ 12. Qxd2 c5 13. O-O-O Nb8 14. Qe3
b6 15. Ng3 Nc6 16. c3 Be6 17. Kb1 Qd7 18. Nf5 Rad8 19. h4 f6 20. Rhg1 Kh8 21.
h5 Qf7 22. g5 Bxf5 23. exf5 fxg5 24. Qe4 Qf6 25. Nxg5 Rd6 26. Nxh7 Qh6 27. Ng5
Nd8 28. f4 c4 29. d4 1-0

[Event "European Online Chess Club Cup 2021 - G"]
[Site "Tornelo.com"]
[Date "2021.03.27"]
[Round "2.2"]
[White "Moussard, Jules"]
[Black "Guseinov, Gadir"]
[Result "0-1"]
[WhiteElo "2635"]
[BlackElo "2665"]
[PlyCount "122"]
[EventDate "2021.03.27"]
[EventType "team"]
[EventRounds "9"]
[WhiteTeam "Asnieres le grand Echiquier A"]
[BlackTeam "Odlar Yurdu"]

1. e4 c5 2. Nf3 g6 3. c3 Nf6 4. e5 Nd5 5. d4 cxd4 6. Qxd4 e6 7. Bc4 Nc6 8. Qe4
f5 9. Qe2 Nce7 10. h4 h6 11. Bxd5 Nxd5 12. c4 Nb4 13. Nc3 b6 14. a3 Nc6 15. Bf4
Ba6 16. b4 Bb7 17. Nb5 a5 18. O-O axb4 19. axb4 Rxa1 20. Rxa1 Bxb4 21. Qe3 Na5
22. Nd6+ Bxd6 23. exd6 Bxf3 24. Qxf3 Kf7 25. Be5 Rg8 26. Bc3 Qxh4 27. Bxa5 bxa5
28. Qb7 Qd8 29. c5 Qc8 30. Qb5 Qc6 31. Qxa5 Rb8 32. Qc3 g5 33. Ra7 Kg6 34. Ra1
h5 35. Rc1 h4 36. Qe5 Rc8 37. f3 Qa4 38. Qe3 Qb4 39. Rc3 Rc6 40. Rc1 Qf4 41.
Qxf4 gxf4 42. Rb1 Rxc5 43. Rb7 Kf6 44. Rxd7 Ke5 45. Rd8 Rc1+ 46. Kh2 Rf1 47.
Rh8 Kxd6 48. Rxh4 Ke5 49. Rh8 Rd1 50. Ra8 Rc1 51. Ra5+ Kd4 52. Ra8 e5 53. Rf8
e4 54. Rxf5 e3 55. Rxf4+ Kd3 56. Re4 e2 57. Kg3 e1=Q+ 58. Rxe1 Rxe1 59. Kf4 Kd4
60. g4 Kd5 61. Kf5 Kd6 0-1

[Event "European Online Chess Club Cup 2021 - G"]
[Site "Tornelo.com"]
[Date "2021.03.27"]
[Round "2.3"]
[White "Abasov, Nijat"]
[Black "Gozzoli, Yannick"]
[Result "1/2-1/2"]
[WhiteElo "2664"]
[BlackElo "2600"]
[PlyCount "186"]
[EventDate "2021.03.27"]
[EventType "team"]
[EventRounds "9"]
[WhiteTeam "Odlar Yurdu"]
[BlackTeam "Asnieres le grand Echiquier A"]

1. d4 d5 2. Nf3 Nf6 3. Bf4 Bf5 4. e3 e6 5. Bd3 Nbd7 6. c4 Bb4+ 7. Nc3 dxc4 8.
Bxc4 Nd5 9. Bxd5 exd5 10. Qb3 Bxc3+ 11. bxc3 Nb6 12. O-O O-O 13. Nd2 Bd3 14.
Rfe1 Qc8 15. Bg3 Re8 16. f3 a5 17. e4 Nc4 18. Nxc4 Bxc4 19. Qc2 Qd7 20. e5 Rac8
21. f4 f5 22. Bf2 Re7 23. h3 Rf8 24. Kh2 Re6 25. Be3 b6 26. Rab1 Rf7 27. Rg1
Rh6 28. Rbe1 Kf8 29. Bc1 Qe6 30. Qa4 Ke7 31. a3 Kd8 32. Qd1 Qd7 33. Qf3 Re6 34.
g4 g6 35. Qg3 Kc8 36. Qh4 Kb7 37. Rg2 Bd3 38. Rb2 Rc6 39. Qg3 Be4 40. Rf2 fxg4
41. Qxg4 Bf5 42. Qg3 Qe6 43. Re3 Rc4 44. Qg2 Ka7 45. Qf1 Re7 46. Qe2 Qc6 47.
Qd1 Re6 48. Qb3 Ka6 49. Rg3 Qb5 50. Rb2 Qxb3 51. Rxb3 Rec6 52. Bd2 Ra4 53. Bc1
Bc2 54. Rb2 Be4 55. Re2 Bf5 56. Rge3 Re6 57. Kg3 Rc4 58. Kf2 c5 59. Bb2 cxd4
60. cxd4 Kb5 61. Kg3 Ka4 62. Kh4 h6 63. Kg3 b5 64. Kf2 b4 65. axb4 axb4 66. Ke1
b3 67. Kd1 Kb4 68. Rg2 Rec6 69. e6 Bxe6 70. Rgg3 Kb5 71. Rxb3+ Rb4 72. Rxb4+
Kxb4 73. Rxg6 Bd7 74. Rxc6 Bxc6 75. f5 Be8 76. Kd2 Kb3 77. Ba1 Ka2 78. Bc3 Kb3
79. h4 Kc4 80. Bb2 Kb3 81. Bc1 Kc4 82. Ke3 h5 83. Bd2 Bf7 84. Be1 Be8 85. Bg3
Bd7 86. f6 Be8 87. Bh2 Kb5 88. Kf4 Kc6 89. Kg5 Kd7 90. Kf5 Bf7 91. Bg3 Be8 92.
Ke5 Bf7 93. Bf4 Kc6 1/2-1/2

[Event "European Online Chess Club Cup 2021 - G"]
[Site "Tornelo.com"]
[Date "2021.03.27"]
[Round "3.1"]
[White "Oparin, Grigoriy"]
[Black "Coursaget, Nicolas"]
[Result "1-0"]
[WhiteElo "2652"]
[BlackElo "2192"]
[PlyCount "125"]
[EventDate "2021.03.27"]
[EventType "team"]
[EventRounds "9"]
[WhiteTeam "Asnieres le grand Echiquier A"]
[BlackTeam "Club d'Echecs Lexovien"]

1. c4 c5 2. Nf3 Nc6 3. d4 cxd4 4. Nxd4 g6 5. e4 Bg7 6. Nc2 Nf6 7. Nc3 d6 8. Be2
O-O 9. O-O b6 10. Be3 Bb7 11. Qd2 Rc8 12. f3 Re8 13. Rac1 Nd7 14. Rfd1 Nce5 15.
b3 h5 16. Nd4 h4 17. h3 Nc6 18. Nxc6 Bxc6 19. Bg5 Bf6 20. Bxf6 Nxf6 21. Qg5 Kg7
22. e5 Nh7 23. Qxh4 Qc7 24. exd6 exd6 25. Qd4+ Nf6 26. Qxd6 Qb7 27. Qf4 Re6 28.
Bf1 Rce8 29. Rd2 Re3 30. Re2 Rxe2 31. Nxe2 Qe7 32. Rd1 Nh5 33. Qd4+ Kg8 34. Kh2
Qg5 35. h4 Qe7 36. Ng3 Nf6 37. Qd6 Bb7 38. Qxe7 Rxe7 39. Kg1 Kg7 40. Kf2 Bc6
41. Rd6 Bb7 42. Rd8 Bc6 43. Bd3 Nd7 44. h5 Ne5 45. hxg6 fxg6 46. Be4 Bxe4 47.
Nxe4 Nc6 48. Rd6 Ne5 49. a4 Nf7 50. Rd5 Nh6 51. a5 bxa5 52. Rxa5 Nf5 53. b4 Nd4
54. b5 Rc7 55. c5 Ne6 56. c6 Nd4 57. Ke3 Nf5+ 58. Kd3 Ne7 59. Kc4 Nc8 60. Kc5
Nb6 61. Rxa7 Nd7+ 62. Kd6 Rxa7 63. cxd7 1-0

[Event "European Online Chess Club Cup 2021 - G"]
[Site "Tornelo.com"]
[Date "2021.03.27"]
[Round "3.1"]
[White "Mikhalevski, Victor"]
[Black "Mamedyarov, Shakhriyar"]
[Result "0-1"]
[WhiteElo "2552"]
[BlackElo "2770"]
[PlyCount "110"]
[EventDate "2021.03.27"]
[EventType "team"]
[EventRounds "9"]
[WhiteTeam "Beer Sheva Chess Club"]
[BlackTeam "Odlar Yurdu"]

1. d4 Nf6 2. Nf3 e6 3. c4 d5 4. g3 Bb4+ 5. Bd2 Bd6 6. Nc3 O-O 7. Bg5 dxc4 8. e4
Be7 9. Bxc4 h6 10. Bxf6 Bxf6 11. e5 Be7 12. Qe2 c5 13. d5 b5 14. Bd3 exd5 15.
Nxd5 Qxd5 16. Be4 Qe6 17. Bxa8 Nc6 18. a4 bxa4 19. O-O Bd7 20. Bb7 g5 21. Rfd1
g4 22. Rxd7 Qxd7 23. Qa6 Nb4 24. Qxh6 Qxb7 25. Ng5 Bxg5 26. Qxg5+ Kh8 27. Qh5+
Kg8 28. Qxg4+ Kh8 29. Qh5+ Kg8 30. Qg5+ Kh8 31. Qh6+ Kg8 32. Qg5+ Kh8 33. Rd1
f6 34. Qh5+ Qh7 35. Qg4 Qg7 36. Qh3+ Qh7 37. Qg4 fxe5 38. Rd7 Qh6 39. Qe4 Nc6
40. Rc7 Rf6 41. Rc8+ Kg7 42. Rc7+ Kf8 43. Qg4 Ne7 44. Qd7 Re6 45. Rxa7 Qf6 46.
Qd8+ Kg7 47. Ra8 e4 48. h4 e3 49. Qh8+ Kg6 50. h5+ Kg5 51. f4+ Kg4 52. Qxf6
Rxf6 53. Kg2 Rd6 54. Re8 Rd2+ 55. Kf1 Nf5 0-1

[Event "European Online Chess Club Cup 2021 - G"]
[Site "Tornelo.com"]
[Date "2021.03.27"]
[Round "3.2"]
[White "Guseinov, Gadir"]
[Black "Roiz, Michael"]
[Result "1-0"]
[WhiteElo "2665"]
[BlackElo "2579"]
[PlyCount "73"]
[EventDate "2021.03.27"]
[EventType "team"]
[EventRounds "9"]
[WhiteTeam "Odlar Yurdu"]
[BlackTeam "Beer Sheva Chess Club"]

1. e4 e5 2. Nf3 Nc6 3. Bb5 a6 4. Bxc6 dxc6 5. O-O Bd6 6. d4 exd4 7. Qxd4 f6 8.
Be3 Ne7 9. Nbd2 Be6 10. Qc3 Qd7 11. Rad1 O-O-O 12. Nb3 Bxb3 13. Qxb3 Ng6 14.
Nd4 Rhe8 15. f3 Bf4 16. Nf5 Qxd1 17. Rxd1 Rxd1+ 18. Kf2 Bxe3+ 19. Qxe3 Kb8 20.
Nxg7 Red8 21. Qc3 R1d2+ 22. Kg3 Re2 23. Nf5 Ne5 24. Ne3 h5 25. Kf4 Rd6 26. Kf5
b5 27. f4 Nd7 28. Kg6 h4 29. Nf5 Rxg2+ 30. Kf7 Rdd2 31. Qxc6 Rxh2 32. Qxa6 h3
33. Ne7 Rxc2 34. Qc8+ Ka7 35. Qxd7 Rh1 36. Qxb5 Rhc1 37. Qa4+ 1-0

[Event "European Online Chess Club Cup 2021 - G"]
[Site "Tornelo.com"]
[Date "2021.03.27"]
[Round "3.3"]
[White "Postny, Evgeny"]
[Black "Abasov, Nijat"]
[Result "0-1"]
[WhiteElo "2605"]
[BlackElo "2664"]
[PlyCount "102"]
[EventDate "2021.03.27"]
[EventType "team"]
[EventRounds "9"]
[WhiteTeam "Beer Sheva Chess Club"]
[BlackTeam "Odlar Yurdu"]

1. d4 d5 2. c4 e6 3. Nf3 a6 4. cxd5 exd5 5. Nc3 c6 6. Bf4 Bd6 7. Qc1 Nf6 8. g3
O-O 9. Bg2 Qe7 10. O-O Bf5 11. Nh4 Bg6 12. Bxd6 Qxd6 13. Qf4 Qxf4 14. gxf4 Re8
15. f5 Bh5 16. e3 Nbd7 17. Rfe1 b5 18. Rac1 Nb6 19. Ne2 Bxe2 20. Rxe2 Nc4 21.
b3 Na5 22. Nf3 Nd7 23. Ne1 Rad8 24. Nd3 Nb8 25. Nc5 g6 26. Bh3 Kg7 27. b4 Nc4
28. fxg6 hxg6 29. Nb7 Rd7 30. Bxd7 Nxd7 31. Na5 Re6 32. Nxc4 bxc4 33. e4 f5 34.
e5 Re7 35. Rc3 Nf8 36. Ra3 Ne6 37. Rd2 Rb7 38. Kf1 Rxb4 39. Rxa6 Nf4 40. Rd1 c5
41. dxc5 c3 42. Rb6 Rc4 43. Rc1 d4 44. Rb3 Rxc5 45. a4 Rxe5 46. Rb5 Re2 47. Rb4
Rd2 48. a5 Nd3 49. Rb7+ Kh6 50. Re1 c2 51. a6 Rd1 0-1

[Event "European Online Chess Club Cup 2021 - G"]
[Site "Tornelo.com"]
[Date "2021.03.27"]
[Round "4.1"]
[White "Mamedyarov, Shakhriyar"]
[Black "Chatalbashev, Boris"]
[Result "1-0"]
[WhiteElo "2770"]
[BlackElo "2530"]
[PlyCount "59"]
[EventDate "2021.03.27"]
[EventType "team"]
[EventRounds "9"]
[WhiteTeam "Odlar Yurdu"]
[BlackTeam "Club Ajedrez 64 Villalba-Miscasa A"]

1. e4 g6 2. d4 Bg7 3. Nc3 d5 4. Nxd5 c6 5. Nf4 Qxd4 6. Qxd4 Bxd4 7. Nf3 Bg7 8.
e5 Bg4 9. e6 Nh6 10. Bc4 Bxf3 11. gxf3 f6 12. Bd2 Nf5 13. O-O-O Nd6 14. Bd3 f5
15. h4 Bf6 16. h5 g5 17. Ne2 Na6 18. Bxa6 bxa6 19. b3 h6 20. c4 O-O 21. Kc2
Rab8 22. Rhe1 Kg7 23. Ba5 Nxc4 24. bxc4 Rb2+ 25. Kc1 Rxa2 26. Bc3 Rb8 27. Nd4
Kf8 28. Nxc6 Rc8 29. Bxf6 exf6 30. Rd8+ 1-0

[Event "European Online Chess Club Cup 2021 - G"]
[Site "Tornelo.com"]
[Date "2021.03.27"]
[Round "4.2"]
[White "Moreno Trujillo, Alejandro"]
[Black "Guseinov, Gadir"]
[Result "1-0"]
[WhiteElo "2483"]
[BlackElo "2665"]
[PlyCount "97"]
[EventDate "2021.03.27"]
[EventType "team"]
[EventRounds "9"]
[WhiteTeam "Club Ajedrez 64 Villalba-Miscasa A"]
[BlackTeam "Odlar Yurdu"]

1. d4 Nf6 2. c4 g6 3. Nc3 Bg7 4. e4 d6 5. Nf3 O-O 6. h3 e5 7. d5 Nh5 8. Nh2 Na6
9. g3 Nc5 10. Be3 a5 11. Bg2 f5 12. exf5 Bxf5 13. Bxc5 dxc5 14. O-O e4 15. g4
Nf4 16. gxf5 gxf5 17. Ne2 Be5 18. Nxf4 Bxf4 19. Re1 Ra6 20. f3 e3 21. Nf1 Rg6
22. Qd3 Qh4 23. Re2 Qxh3 24. Nxe3 Qxf3 25. Rf1 Qg3 26. Rxf4 Qxf4 27. Rf2 Qe5
28. Rxf5 Rxf5 29. Nxf5 Rg5 30. Ne3 Qxb2 31. Qe4 Qe5 32. Kf2 Qg3+ 33. Ke2 Re5
34. Qf3 Qg6 35. Kf2 h5 36. Bh3 h4 37. Be6+ Kg7 38. Nf5+ Kh8 39. Qf4 Qf6 40. Qg4
Rxf5+ 41. Qxf5 Kg7 42. Qxf6+ Kxf6 43. Ke3 Ke5 44. a4 b6 45. Bh3 b5 46. cxb5
Kxd5 47. Kd3 c4+ 48. Kc3 Kc5 49. Bg2 1-0

[Event "European Online Chess Club Cup 2021 - G"]
[Site "Tornelo.com"]
[Date "2021.03.27"]
[Round "4.1"]
[White "Oparin, Grigoriy"]
[Black "Mikhalevski, Victor"]
[Result "1-0"]
[WhiteElo "2652"]
[BlackElo "2552"]
[PlyCount "75"]
[EventDate "2021.03.27"]
[EventType "team"]
[EventRounds "9"]
[WhiteTeam "Asnieres le grand Echiquier A"]
[BlackTeam "Beer Sheva Chess Club"]

1. e4 e5 2. Nf3 Nc6 3. Bc4 Bc5 4. d3 Nf6 5. Bg5 h6 6. Bh4 Be7 7. Bg3 d6 8. c3
g6 9. a4 Nh5 10. a5 a6 11. Nbd2 Bf6 12. h3 Nxg3 13. fxg3 O-O 14. Qe2 Bg7 15. g4
Ne7 16. O-O c6 17. Ba2 d5 18. Kh1 Qc7 19. b4 Be6 20. d4 exd4 21. Nxd4 Kh7 22.
Rae1 c5 23. Nxe6 fxe6 24. Rxf8 Rxf8 25. exd5 Nxd5 26. Qxe6 Nxc3 27. Bb3 cxb4
28. Nf3 Qxa5 29. h4 Qd8 30. g5 Qd3 31. h5 gxh5 32. gxh6 Bf6 33. Bc4 Qg6 34.
Qd7+ Kxh6 35. Bd3 Qf7 36. Qf5 Bd8 37. Re6+ Kg7 38. Qh7# 1-0

[Event "European Online Chess Club Cup 2021 - G"]
[Site "Tornelo.com"]
[Date "2021.03.28"]
[Round "5.1"]
[White "Westerberg, Jonathan"]
[Black "Mamedyarov, Shakhriyar"]
[Result "0-1"]
[WhiteElo "2534"]
[BlackElo "2770"]
[PlyCount "108"]
[EventDate "2021.03.27"]
[EventType "team"]
[EventRounds "9"]
[WhiteTeam "Stockholms SS"]
[BlackTeam "Odlar Yurdu"]

1. e4 c5 2. Nf3 e6 3. c3 Nf6 4. e5 Nd5 5. d4 cxd4 6. cxd4 b6 7. Nc3 Nxc3 8.
bxc3 Qc7 9. Bd2 Bb7 10. Bd3 d6 11. O-O Nd7 12. Ng5 dxe5 13. Qh5 g6 14. Qh3 Be7
15. Rae1 Bxg5 16. Bxg5 f5 17. Qh6 Kf7 18. dxe5 Nxe5 19. Bf4 Ng4 20. Qg5 Qd8 21.
Bc4 Bd5 22. Bxd5 exd5 23. f3 Qxg5 24. Bxg5 Nf6 25. Re5 Rhd8 26. g4 Re8 27. Bxf6
Kxf6 28. Rxd5 Rad8 29. Rdd1 Rxd1 30. Rxd1 fxg4 31. fxg4 Re4 32. h3 Re3 33. Rd7
Rxh3 34. Rxa7 Kg5 35. Ra4 Rxc3 36. Rb4 Ra3 37. Rxb6 Kxg4 38. Rb2 h5 39. Rg2+
Kf5 40. Rf2+ Kg5 41. Rg2+ Kh6 42. Kh2 h4 43. Rc2 Kh5 44. Rb2 g5 45. Kg2 h3+ 46.
Kh2 Kh4 47. Rc2 g4 48. Kh1 Rd3 49. Rc1 Rd2 50. Ra1 h2 51. a4 Kh3 52. a5 g3 53.
a6 Rd1+ 54. Rxd1 g2# 0-1

[Event "European Online Chess Club Cup 2021 - G"]
[Site "Tornelo.com"]
[Date "2021.03.28"]
[Round "6.1"]
[White "Mamedyarov, Shakhriyar"]
[Black "Sirosh, Ilja"]
[Result "1-0"]
[WhiteElo "2770"]
[BlackElo "2400"]
[PlyCount "47"]
[EventDate "2021.03.27"]
[EventType "team"]
[EventRounds "9"]
[WhiteTeam "Odlar Yurdu"]
[BlackTeam "SK Reval Sport"]

1. e4 c5 2. c3 Nf6 3. e5 Nd5 4. Bc4 Nb6 5. Bb3 c4 6. Bc2 d6 7. exd6 Qxd6 8. Qe2
g6 9. Na3 Be6 10. b3 cxb3 11. axb3 Nc6 12. Nf3 Bg7 13. d4 O-O 14. O-O Bd5 15.
Nc4 Nxc4 16. bxc4 Bxf3 17. Qxf3 Rac8 18. c5 Qd7 19. Rd1 Rfd8 20. Bf4 e5 21.
dxe5 Qe7 22. Re1 Re8 23. Bb3 a6 24. e6 1-0

[Event "European Online Chess Club Cup 2021 - G"]
[Site "Tornelo.com"]
[Date "2021.03.28"]
[Round "6.4"]
[White "Thorn, Eric"]
[Black "Cornette, Matthieu"]
[Result "0-1"]
[WhiteElo "2271"]
[BlackElo "2555"]
[PlyCount "80"]
[EventDate "2021.03.27"]
[EventType "team"]
[EventRounds "9"]
[WhiteTeam "Stockholms SS"]
[BlackTeam "Asnieres le grand Echiquier A"]

1. d4 Nf6 2. c4 e6 3. Nf3 b6 4. g3 Bb4+ 5. Bd2 Bxd2+ 6. Nbxd2 Bb7 7. Bg2 c5 8.
O-O O-O 9. Nb3 d6 10. Qd2 Qc7 11. Rac1 a5 12. Rfd1 Rd8 13. Qe3 Nc6 14. Nbd2 a4
15. Nb1 Na5 16. Na3 Bc6 17. Ng5 h6 18. Ne4 Nxe4 19. Bxe4 Bxe4 20. Qxe4 d5 21.
cxd5 exd5 22. Qc2 c4 23. e4 Qd7 24. exd5 b5 25. Nb1 b4 26. a3 Nb3 27. axb4 Nxc1
28. Qxc1 Qxd5 29. Nc3 Qd6 30. b5 a3 31. bxa3 Rxa3 32. Nb1 Ra4 33. Nc3 Rb4 34.
d5 Rb3 35. Qe3 Qf6 36. Rd4 Rc8 37. Kg2 Kf8 38. d6 Rd8 39. Qd2 Qe6 40. Qf4 Rxc3
0-1

[Event "European Online Chess Club Cup 2021 - G"]
[Site "Tornelo.com"]
[Date "2021.03.28"]
[Round "7.4"]
[White "Huzman, Alexander"]
[Black "Thorn, Eric"]
[Result "1-0"]
[WhiteElo "2561"]
[BlackElo "2271"]
[PlyCount "89"]
[EventDate "2021.03.27"]
[EventType "team"]
[EventRounds "9"]
[WhiteTeam "Beer Sheva Chess Club"]
[BlackTeam "Stockholms SS"]

1. Nf3 d5 2. d4 Nf6 3. c4 e6 4. e3 a6 5. b3 c5 6. Bb2 Nc6 7. cxd5 exd5 8. Be2
cxd4 9. Nxd4 Bb4+ 10. Bc3 Qa5 11. Qd2 Nxd4 12. exd4 Bxc3 13. Nxc3 Be6 14. f3
Rc8 15. Na4 Qxd2+ 16. Kxd2 Nd7 17. Rhc1 Ke7 18. b4 Kd6 19. Nc5 Rc7 20. Rc3 Rhc8
21. Nxb7+ Ke7 22. Rxc7 Rxc7 23. Nc5 a5 24. Nxd7 Bxd7 25. bxa5 Ra7 26. a6 Bc8
27. a4 Bxa6 28. Bxa6 Rxa6 29. a5 Kd6 30. Kd3 Kd7 31. Kc3 Kc7 32. Re1 Kd6 33.
Kb4 Ra8 34. Ra1 Rb8+ 35. Kc3 Kc6 36. a6 Ra8 37. a7 Kb6 38. Kb4 Kb7 39. Kc5 Rc8+
40. Kxd5 Ka8 41. Ra2 Re8 42. Kc6 Re6+ 43. Kc5 Re8 44. d5 Rc8+ 45. Kd6 1-0

[Event "European Online Chess Club Cup 2021 - G"]
[Site "Tornelo.com"]
[Date "2021.03.28"]
[Round "8.4"]
[White "Thorn, Eric"]
[Black "Yashas, D.."]
[Result "0-1"]
[WhiteElo "2271"]
[BlackElo "2296"]
[PlyCount "102"]
[EventDate "2021.03.27"]
[EventType "team"]
[EventRounds "9"]
[WhiteTeam "Stockholms SS"]
[BlackTeam "Club Ajedrez 64 Villalba-Miscasa A"]

1. d4 Nf6 2. c4 e6 3. Nf3 b6 4. g3 Ba6 5. Qa4 Bb7 6. Bg2 c5 7. dxc5 Bxc5 8. O-O
O-O 9. Nc3 a6 10. Bf4 Qc8 11. Rac1 Bc6 12. Qb3 Qb7 13. Na4 d6 14. Rfd1 Ne4 15.
Nxc5 Nxc5 16. Qa3 e5 17. Be3 Qc7 18. b4 Ne6 19. Qb3 Nd7 20. Rd2 Nf6 21. Rcd1
Ne4 22. Rc2 a5 23. Nd2 Nf6 24. Bxc6 Qxc6 25. b5 Qc7 26. Nb1 Ng4 27. Nc3 Nxe3
28. fxe3 Qc5 29. Ne4 Qc7 30. Nc3 Ra7 31. Nd5 Qc5 32. Kg2 Rc8 33. Qd3 h6 34. Rf1
Rd7 35. h4 Re8 36. Nc3 Qc7 37. Nd5 Qc5 38. Qe4 Nc7 39. Qg4 Nxd5 40. Qxd7 Nxe3+
41. Kh3 Rf8 42. Rcc1 Nxf1 43. Rxf1 Qxc4 44. Qxd6 Qxe2 45. Rc1 Qxb5 46. Rc6 e4
47. Rxb6 Qf1+ 48. Kh2 e3 49. Rb8 Rxb8 50. Qxb8+ Kh7 51. Qb1+ Qxb1 0-1

[Event "European Online Chess Club Cup 2021 - G"]
[Site "Tornelo.com"]
[Date "2021.03.28"]
[Round "9.4"]
[White "Lejeune, Gael"]
[Black "Thorn, Eric"]
[Result "0-1"]
[WhiteElo "2070"]
[BlackElo "2271"]
[PlyCount "78"]
[EventDate "2021.03.27"]
[EventType "team"]
[EventRounds "9"]
[WhiteTeam "Club d'Echecs Lexovien"]
[BlackTeam "Stockholms SS"]

1. d4 Nf6 2. Nc3 d5 3. e4 Nxe4 4. Nxe4 dxe4 5. Bc4 Bf5 6. c3 Bg6 7. Ne2 Nd7 8.
h4 Nb6 9. h5 Bf5 10. Qb3 Nxc4 11. Qxc4 c6 12. Ng3 Qd7 13. Rh4 Be6 14. Qe2 f5
15. Bg5 O-O-O 16. a4 Qd5 17. b4 Bd7 18. f3 exf3 19. gxf3 h6 20. Bd2 e5 21. dxe5
Re8 22. f4 Be6 23. Qe3 Rd8 24. Rh2 c5 25. Rc1 Be7 26. a5 Rd7 27. c4 Qd4 28.
Qxd4 Rxd4 29. bxc5 Rd3 30. Rc3 Rhd8 31. Rxd3 Rxd3 32. Ne2 Bxc4 33. Rg2 Bf8 34.
Rg3 Rxg3 35. Nxg3 Be6 36. Be3 a6 37. Kd2 Be7 38. Ne2 Kd7 39. Nd4 Bd8 0-1

[Event "European Online Chess Club Cup 2021 - G"]
[Site "Tornelo.com"]
[Date "2021.03.27"]
[Round "1.1"]
[White "Maghsoodloo, Parham"]
[Black "Pulkkinen, Kari"]
[Result "1-0"]
[WhiteElo "2676"]
[BlackElo "2256"]
[PlyCount "45"]
[EventDate "2021.03.27"]
[EventType "team"]
[EventRounds "9"]
[WhiteTeam "Clichy Echecs 92"]
[BlackTeam "Aatos Chess Club"]

1. d4 Nf6 2. c4 c5 3. d5 b5 4. cxb5 a6 5. b6 g6 6. Qb3 Bb7 7. Nc3 d6 8. a4 a5
9. e4 Bg7 10. Nf3 O-O 11. Nd2 Nbd7 12. Bb5 Qxb6 13. O-O Ne5 14. Qc2 e6 15. f4
Ned7 16. Nc4 Qc7 17. e5 Nxd5 18. Nxd6 Nxc3 19. bxc3 Nb6 20. c4 f6 21. Bb2 Nd7
22. Rad1 fxe5 23. Nxb7 1-0